Demilitarizing public segurity: lessons from El Salvador /
Zapisane w:
| 1. autor: | |
|---|---|
| Format: | Texto |
| Hasła przedmiotowe: | |
| Etykiety: |
Dodaj etykietę
Nie ma etykietki, Dołącz pierwszą etykiete!
|
MARC
| LEADER | 00000 a a2200000 04500 | ||
|---|---|---|---|
| 001 | 11991 | ||
| 003 | |||
| 040 | |||
| 100 | |a Costa, Gino | ||
| 245 | |a Demilitarizing public segurity: |b lessons from El Salvador / |c Gino Costa | ||
| 650 | |a POLITICA DE SEGURIDAD NACIONAL | ||
| 650 | |a MILITARIZACION | ||
| 650 | |a DERECHOS HUMANOS | ||
| 650 | |a FRENTE FARABUNDO MARTI PARA LA LIBERACION NACIONAL, SV | ||
| 650 | |a PAZ | ||
| 650 | |a DEMOCRACIA | ||
| 650 | |a CORRUPCION | ||
| 650 | |a PROBLEMAS SOCIALES | ||
| 773 | |g número 38; páginas 20-26 | ||
| 999 | |c 32426 |d 32426 | ||
